000 00339 a2200157 4500
001 162884
020 _a
040 _cMagnum
100 _aSoares, Jose Luis
240 1 0 _aO xango de baker street
_lpor
245 1 0 _aO xango de baker street
362 0 _a1899
440 1 _aCompanhia das Letras
697 _aA/ROMANCE
942 _cBK
999 _c162884
_d162884